| Tag |
First Indicator |
Second Indicator |
Subfields |
| LEADER |
00000cam a2200000 i 4500 |
| 001 |
in00000719021 |
| 005 |
20151016055457.0 |
| 008 |
781113s1978 nyucf b 00110ceng |
| 010 |
|
|
|a 77099193
|
| 020 |
|
|
|a 081970458X :
|c $8.95
|
| 035 |
|
|
|a (OCoLC)03888783
|
| 035 |
|
|
|9 ADC7373AM
|
| 040 |
|
|
|a DLC
|c DLC
|d TXA
|d UtOrBLW
|
| 049 |
|
|
|a TXAM
|c [1160866]
|
| 050 |
0 |
0 |
|a DS115.2
|b .F56
|
| 082 |
0 |
|
|a 920.72
|
| 100 |
1 |
|
|a Fink, Greta,
|d 1934-
|
| 245 |
1 |
0 |
|a Great Jewish women :
|b profiles of courageous women from the Maccabean period to the present /
|c by Greta Fink.
|
| 264 |
|
1 |
|a New York :
|b Menorah Pub. Co.,
|c [1978]
|
| 264 |
|
4 |
|c ©1978
|
| 300 |
|
|
|a 197 pages, 4 unnumbered leaves of plates :
|b portraits ;
|c 22 cm.
|
| 336 |
|
|
|a text
|b txt
|2 rdacontent
|
| 337 |
|
|
|a unmediated
|b n
|2 rdamedia
|
| 338 |
|
|
|a volume
|b nc
|2 rdacarrier
|
| 500 |
|
|
|a Includes index.
|
| 504 |
|
|
|a Bibliography: pages [182]-186.
|
| 650 |
|
0 |
|a Jewish women
|v Biography.
|
| 999 |
|
|
|a MARS
|
| 999 |
f |
f |
|s 08a04f12-e5a0-3d0f-ad25-b0981375dcf7
|i 294a467d-3526-35c3-af7c-c7b157691b7f
|t 0
|
| 952 |
f |
f |
|p ric
|a Texas A&M University
|b Rellis Campus
|c Joint Library Facility
|d Remote Storage
|t 0
|e DS115.2 .F56
|h Library of Congress classification
|i unmediated -- volume
|m A14802031698
|
| 998 |
f |
f |
|a DS115.2 .F56
|t 0
|l Remote Storage
|